Statistiken für Fußballer nach Land #8

Klicken Sie hier um das Quiz zu spielen!

Allgemein

  • Dieses Quiz wurde 281 mal gespielt
  • Das Durchschnittsergebnis liegt bei 13 aus 18

Antwortstatistiken

SpielerLand% Korrekt
Luka ModrićKroatien
100%
Mesut ÖzilDeutschland
95%
XaviSpanien
93%
Luis SuarezUruguay
91%
Thibaut CourtoisBelgien
88%
Johan CruyffNiederlände
88%
Park Ji-sungSüdkorea
87%
Gylfi SigurdssonIsland
86%
Paul BreitnerDeutschland
83%
Nemanja MatićSerbien
83%
Riyad MahrezAlgerien
81%
Roman PawljutschenkoRussland
74%
Medhi BenatiaMarokko
73%
Adam DźwigałaPolen
53%
Gabriel BatistutaArgentinien
45%
Harry KewellAustralien
42%
Diego ReyesMexiko
42%
Enzo FrancescoliUruguay
13%

Verteilung der Resultate

Perzentil nach korrekt beantworteten Fragen

Anzahl Personen mit jedem Resultat

Ihre Resultats-Entwicklung

Sie haben dieses Quiz noch nicht gespielt